000
00246nam a2200097Ia 4500
008
190216s9999||||xx |||||||||||||| ||und||
100
_a
Krishnan C N
245
0
_a
Socialist Chinthayum Dhana Shashthravum
260
_b
Kerala Basha Inst
942
_c
BK
999
_c
37793
_d
37793